[Event "Candidates Tournament playoff rapid"]
[Site "Kazan"]
[Date "2011.05.16"]
[Round "2.5"]
[White "Gelfand, Boris"]
[Black "Kamsky, Gata"]
[Result "1/2-1/2"]
[WhiteElo "2733"]
[BlackElo "2732"]
[Annotator "Marin,M"]
[PlyCount "84"]
[EventDate "2011.05.09"]
[EventType "k.o. (rapid)"]
[EventRounds "4"]
[EventCountry "RUS"]
[SourceTitle "CBM 143"]
[Source "ChessBase"]
[SourceDate "2011.07.15"]
[SourceVersion "1"]
[SourceVersionDate "2011.07.15"]
[SourceQuality "1"]

1. c4 g6 2. Nf3 Nf6 3. Nc3 d5 4. Qa4+ Bd7 5. Qb3 dxc4 6. Qxc4 a6 7. g3 $5 {
Not the most frequent continuation.} (7. d4 {is the main line,}) ({but} 7. e4 {
is also frequently played, with the idea of meeting} b5 {with} 8. Qe2 $5) 7...
b5 8. Qb3 c5 9. Bg2 ({Before this game, the text move usually transposed to
the more cautious} 9. d3 Nc6 10. Bg2 Bg7 11. Qd1 Rc8 12. Be3 Na5 13. Rc1 O-O
14. b3 Bc6 15. O-O Nb7 $11 {Wang Yue (2626)-Predojevic,B (2569)/Lausanne 2006/
CBM 115 (1/2, 53)}) 9... c4 $5 $146 {It is strange that this natural move had
never been tried before.} 10. Qd1 Nc6 11. b3 {The only way to question the
correctness of Black's strategy. White will get a pawn majority in the centre.}
({Black seems to be fine after} 11. O-O Bg7 12. d4 cxd3 13. Qxd3 O-O 14. Bf4
Rc8 15. Rfd1 Qb6 {followed by ...Rfd8. The long light diagonal has been
cleared and the g2-bishop has no target. On the contrary, the g7-bishop's
pressure may become annoying in the long run.}) 11... cxb3 12. axb3 {This
leaves the b4-square in Black's hands.} ({However,} 12. Qxb3 $6 {would have
been worse, because the queen has moved a lot already. Besides, after} Bg7 13.
O-O O-O {White should refrain from d2-d4 because this would allow ...Na5-c4
with gain of time and strong queenside pressure.}) 12... Bg7 13. d4 {White has
obtained a mobile pawn centre, but cannot take full advantage out of it. His
main problem is that d4-d5 can be comfortably answered with ...Nb4.} O-O 14.
O-O Rc8 15. Bb2 Qb6 16. Ne5 {This pseudo-active move delays White's
development.} (16. e4 {would have been a more consistent try.} Nb4 ({The
thematic} 16... Bg4 $6 {allows} 17. e5 Nd7 18. Nd5 $36) 17. Qd2 {with a more
or less typical Grünfeld type of position.}) 16... Rfd8 {Black has completed
his development and keeps the enemy pawn centre under control. His queenside
majority will soon start advancing.} 17. Nxd7 {This leads to further
activation of Black's pieces, but White had no reliable alternative since he
is slightly underdeveloped.} Rxd7 18. e3 {Given Black's strong pressure
against the centre, White has to restrict himself to such super-solid moves.}
e6 19. Rc1 Rdc7 {Black's piece placeemnt is very harmonious.} 20. Ne4 Nxe4 21.
Bxe4 a5 $1 {The advance of the a-pawn is not easy to meet. White already needs
to be thinking about maintaining equality.} 22. Qd2 a4 23. bxa4 bxa4 24. Ba3
Na5 25. Bc5 $6 {This attempt to maintain the tension will allow Black to
increase his pressure.} Qb5 26. Rb1 Nb3 27. Qa2 Bf8 $15 {The c-file will be
opened, leaving White in a very passive position. In the next phase of the
game, Black will miss several promising continuations.} 28. Bc2 $6 (28. Bxf8
Kxf8 $15) 28... Rb8 $6 (28... Bxc5 29. dxc5 Rb8 $17 {wins a pawn.}) 29. Bxf8
Kxf8 30. Rb2 Rc3 31. Ra1 Qc4 32. Bd1 Rb4 {Black's invasion is quite impressive,
but he needs to unblock the a-pawn in order to win. In the next phase, he
failed to notice that the exchange of queens would get him closer to this aim
and missed at least two promising continuations.} 33. Rab1 Kg7 (33... Nc1 34.
Qxc4 Rbxc4 $17) 34. Rc2 Qd3 (34... Rxc2 $5 35. Qxc2 (35. Bxc2 Nd2 36. Qxc4
Rxb1+ 37. Bxb1 Nxc4 38. Ba2 Nd2 39. f4 Ne4 40. Kf1 Nc3 41. Bc4 a3 $19) 35...
Nd2 $1 36. Qxc4 Rxc4 37. Ra1 a3 38. Kg2 Rc3 $17) 35. Rxc3 Qxc3 36. Bc2 f6 37.
h4 h6 $6 {Occupying the h6-square will allow White a saving idea based on
perpetual check.} 38. Kh2 $1 g5 39. Bxb3 $1 $11 Rxb3 40. Qxa4 Rxb1 41. Qd7+ Kg6
42. g4 gxh4 1/2-1/2

[Event "Candidates Tournament playoff rapid"]
[Site "Kazan"]
[Date "2011.05.16"]
[Round "2.6"]
[White "Kamsky, Gata"]
[Black "Gelfand, Boris"]
[Result "1/2-1/2"]
[WhiteElo "2732"]
[BlackElo "2733"]
[Annotator "Marin,M"]
[PlyCount "57"]
[EventDate "2011.05.09"]
[EventType "k.o. (rapid)"]
[EventRounds "4"]
[EventCountry "RUS"]
[SourceTitle "CBM 143"]
[Source "ChessBase"]
[SourceDate "2011.07.15"]
[SourceVersion "1"]
[SourceVersionDate "2011.07.15"]
[SourceQuality "1"]

1. e4 c5 2. Nf3 d6 3. d4 cxd4 4. Nxd4 Nf6 5. Nc3 a6 6. Be3 e5 7. Nf3 Be7 8. Bc4
O-O 9. O-O Be6 10. Bb3 Nc6 11. Qe2 Na5 12. Rfd1 Qc7 13. Bg5 Rac8 14. Bxf6 Bxf6
15. Rac1 {Overprotecting the c2-pawn in order to prepare Nc3-d5.} Nxb3 16. axb3
Qc6 $1 $146 {An interesting novely, planning an effective regrouping.} (16...
Qb6 17. Nd5 Bxd5 18. Rxd5 Rc6 19. Qd1 Qb4 20. Nd2 Bg5 21. f3 f5 22. exf5 Be3+
23. Kh1 Rxf5 24. Ra1 Bxd2 25. Ra4 Qb6 26. Qxd2 $14 {Nepomniachtchi,I (2706)
-Papaioannou,I (2622)/Khanty Mansiysk 2010/CBM 139 (1-0, 74)}) 17. Nd5 Bd8 18.
c4 f5 19. exf5 Bxf5 20. h3 Qe8 $1 {Initiating the final phase of the
regrouping.} 21. Rc3 Qg6 {Black has entirely adequate counterplay.} 22. Kh2 Kh8
23. b4 Be6 24. Re3 Qf7 25. b3 b5 26. Kh1 Qb7 27. Re4 Bf5 28. Re3 Be6 29. Re4
1/2-1/2

[Event "Candidates Tournament playoff rapid"]
[Site "Kazan"]
[Date "2011.05.16"]
[Round "2.7"]
[White "Gelfand, Boris"]
[Black "Kamsky, Gata"]
[Result "0-1"]
[WhiteElo "2733"]
[BlackElo "2732"]
[Annotator "Marin,M"]
[PlyCount "68"]
[EventDate "2011.05.09"]
[EventType "k.o. (rapid)"]
[EventRounds "4"]
[EventCountry "RUS"]
[SourceTitle "CBM 143"]
[Source "ChessBase"]
[SourceDate "2011.07.15"]
[SourceVersion "1"]
[SourceVersionDate "2011.07.15"]
[SourceQuality "1"]

1. c4 g6 2. Nf3 Nf6 3. Nc3 d5 4. cxd5 Nxd5 5. g3 Bg7 6. Bg2 O-O 7. O-O c5 8.
Qa4 Nb4 $5 {A rare continuation, aiming to put some pressure on the white
queen.} (8... Nb6 {is the most popular continuation, but}) (8... Nc6 {has been
played frequently, too.}) 9. d3 Bd7 10. Qd1 Bc6 {White has lost two tempi with
the queen, but Black's minor pieces are not ideally placed. The game remains
unclear.} 11. Be3 Nd7 $1 $146 (11... b6 12. Qd2 (12. d4 $5 {may be a better
way to take advantage of the tempo spent on ...b6, which also has weakened the
c6-square.}) 12... Nd7 13. Bh6 Rc8 14. Rfd1 {Siebrecht,S (2380)-Ionescu,C 
(2290)/Cardiff 1997/EXT 1998 (1-0, 40). White has a flexible position, but
Black has nothing to worry about.}) 12. Rc1 ({Under the given circumstances,
opening the centre loses an exchange:} 12. d4 $2 Bxf3 13. Bxf3 cxd4) 12... Rc8
13. Qb3 e6 14. Rfd1 a5 15. Bg5 Qe8 (15... Qb6 $5 $11 {looks more natural.}) 16.
a3 $2 {A terrible blunder, which almost put Gelfand out of the race.} (16. Nd2
{or}) (16. Ne4 {, with the intention of clearing some space around the queen,
would have offered some chances to take advanatge of the queenside weaknesses.}
) 16... c4 $1 {Black wins material.} 17. Qxc4 Bxf3 18. Bxf3 Rxc4 19. dxc4 Nc6
20. Nb5 Nc5 21. b4 axb4 22. axb4 Nxb4 23. Rb1 Nba6 24. Nd6 Qa4 25. Nxb7 Nxb7
26. Bxb7 Qxc4 27. Bf3 h6 28. Be3 Nb4 29. Rbc1 Nc2 30. Ba7 Qa4 31. Bb6 Nd4 32.
Bxd4 Bxd4 33. Rd3 Bf6 34. Rc7 Rd8 0-1

[Event "Candidates Tournament playoff rapid"]
[Site "Kazan"]
[Date "2011.05.16"]
[Round "2.8"]
[White "Kamsky, Gata"]
[Black "Gelfand, Boris"]
[Result "0-1"]
[WhiteElo "2732"]
[BlackElo "2733"]
[Annotator "CB"]
[PlyCount "100"]
[EventDate "2011.05.09"]
[EventType "k.o. (rapid)"]
[EventRounds "4"]
[EventCountry "RUS"]
[SourceTitle "CBM 143"]
[Source "ChessBase"]
[SourceDate "2011.07.15"]
[SourceVersion "1"]
[SourceVersionDate "2011.07.15"]
[SourceQuality "1"]

1. e4 c5 2. Nf3 Nc6 3. d4 cxd4 4. Nxd4 Qb6 5. Nb3 Nf6 6. Nc3 e6 7. Bd3 Be7 8.
O-O O-O 9. a4 d6 10. Be3 Qc7 11. f4 b6 12. Qf3 Bb7 13. Nb5 Qb8 14. c3 e5 15. f5
a6 16. Na3 d5 17. Nd2 Qd8 18. Bf2 d4 19. Qe2 Re8 20. Nb3 Nd7 21. Kh1 Bxa3 22.
Rxa3 Nc5 23. Bc4 Na5 24. Nxa5 bxa5 25. Qh5 $2 (25. Bxf7+ $1 Kxf7 26. Qc4+ $18)
25... Qc7 26. Bd5 Bxd5 27. exd5 Ne4 28. Bg1 Qc4 29. Raa1 Qxd5 30. Rad1 d3 31.
Qf3 Rad8 32. Rfe1 Nf6 33. Qxd5 Rxd5 34. c4 Rd7 35. Bb6 e4 36. c5 Rc8 37. h3 h5
38. Kg1 h4 39. Bxa5 Rxc5 40. Bc3 Rc4 41. Bxf6 gxf6 42. b3 Rb4 43. Kf2 Rd5 44.
Ke3 Rxf5 45. Rc1 Rg5 46. Rc4 Rxc4 47. bxc4 Rxg2 48. c5 Re2+ 49. Rxe2 dxe2 50.
Kxe2 Kf8 0-1

[Event "World op 39th"]
[Site "Philadelphia"]
[Date "2011.07.03"]
[Round "6"]
[White "Kamsky, Gata"]
[Black "Adams, Michael"]
[Result "1/2-1/2"]
[WhiteElo "2732"]
[BlackElo "2726"]
[PlyCount "38"]
[EventDate "2011.06.30"]
[EventType "swiss"]
[EventRounds "9"]
[EventCountry "USA"]
[SourceTitle "CBM 143 Extra"]
[Source "ChessBase"]
[SourceDate "2011.08.29"]
[SourceVersion "1"]
[SourceVersionDate "2011.08.29"]
[SourceQuality "1"]

1. d4 Nf6 2. c4 e6 3. g3 d5 4. Bg2 Bb4+ 5. Bd2 Be7 6. Nf3 c6 7. Qc2 Nbd7 8. O-O
O-O 9. Bf4 b6 10. b3 Ba6 11. Nc3 h6 12. Rfd1 Rc8 13. e4 dxc4 14. bxc4 Bxc4 15.
Nd2 Ba6 16. a4 Bb4 17. Na2 Be7 18. Nc3 Bb4 19. Na2 Be7 1/2-1/2

[Event "World op 39th"]
[Site "Philadelphia"]
[Date "2011.07.04"]
[Round "8"]
[White "Kamsky, Gata"]
[Black "Ehlvest, Jaan"]
[Result "1-0"]
[WhiteElo "2732"]
[BlackElo "2580"]
[PlyCount "99"]
[EventDate "2011.06.30"]
[EventType "swiss"]
[EventRounds "9"]
[EventCountry "USA"]
[SourceTitle "CBM 143 Extra"]
[Source "ChessBase"]
[SourceDate "2011.08.29"]
[SourceVersion "1"]
[SourceVersionDate "2011.08.29"]
[SourceQuality "1"]

1. e4 c5 2. Nf3 Nc6 3. d4 cxd4 4. Nxd4 Qb6 5. Nb3 Nf6 6. Nc3 e6 7. Bd3 Be7 8.
O-O d6 9. a4 O-O 10. Kh1 Qc7 11. f4 b6 12. Bd2 a6 13. Qf3 Bb7 14. Qh3 Nb4 15.
Nd4 Nxd3 16. cxd3 Rac8 17. Rae1 Rfe8 18. Re3 Qc5 19. Nf3 Qh5 20. Qg3 Bf8 21. h3
Qc5 22. Ree1 b5 23. axb5 axb5 24. Be3 Qb4 25. Nd4 Nd7 26. Qf2 Nc5 27. Rd1 Ra8
28. Ndxb5 Rec8 29. e5 Nd7 30. exd6 Bxd6 31. f5 Nf6 32. fxe6 fxe6 33. Nxd6 Qxd6
34. Bf4 Qc6 35. Be5 Rf8 36. Qg3 Nh5 37. Qg4 Rf5 38. Rxf5 exf5 39. Qc4+ Kh8 40.
Qxc6 Bxc6 41. d4 Kg8 42. Kg1 Kf7 43. Kf2 g5 44. g3 Ke6 45. d5+ Kxe5 46. dxc6
Rc8 47. Rd5+ Ke6 48. Rc5 Kd6 49. Rxf5 Rxc6 50. Ne4+ 1-0

[Event "World op 39th"]
[Site "Philadelphia"]
[Date "2011.07.04"]
[Round "9"]
[White "Smirin, Ilia"]
[Black "Kamsky, Gata"]
[Result "1/2-1/2"]
[WhiteElo "2661"]
[BlackElo "2732"]
[PlyCount "37"]
[EventDate "2011.06.30"]
[EventType "swiss"]
[EventRounds "9"]
[EventCountry "USA"]
[SourceTitle "CBM 143 Extra"]
[Source "ChessBase"]
[SourceDate "2011.08.29"]
[SourceVersion "1"]
[SourceVersionDate "2011.08.29"]
[SourceQuality "1"]

1. e4 e5 2. Nf3 Nc6 3. Bb5 a6 4. Ba4 Nf6 5. O-O Be7 6. Qe2 b5 7. Bb3 d6 8. c3
Bg4 9. Rd1 O-O 10. d4 Qc8 11. h3 Bh5 12. Bg5 Rb8 13. a4 h6 14. Bh4 b4 15. Bc4
Na5 16. Nbd2 Nxc4 17. Nxc4 bxc3 18. bxc3 exd4 19. cxd4 1/2-1/2

[Event "FIDE World Cup"]
[Site "Khanty-Mansiysk"]
[Date "2011.08.29"]
[Round "1.2"]
[White "Di Berardino, Diego Rafael"]
[Black "Kamsky, Gata"]
[Result "1-0"]
[WhiteElo "2480"]
[BlackElo "2741"]
[PlyCount "113"]
[EventDate "2011.08.28"]
[EventType "k.o."]
[EventRounds "7"]
[EventCountry "RUS"]
[SourceTitle "CBM 145"]
[Source "ChessBase"]
[SourceDate "2011.11.11"]
[SourceVersion "1"]
[SourceVersionDate "2011.11.11"]
[SourceQuality "1"]

1. d4 d5 2. c4 c6 3. Nc3 Nf6 4. e3 g6 5. Nf3 Bg7 6. Be2 O-O 7. O-O Qb6 8. h3
Bf5 9. b3 Ne4 10. Bb2 Rd8 11. Rc1 Nxc3 12. Bxc3 a5 13. Qd2 Nd7 14. Qb2 Nf6 15.
Ne5 Ne4 16. Be1 f6 17. Nd3 e5 18. cxd5 cxd5 19. f3 Nd6 20. Nc5 a4 21. dxe5 fxe5
22. Qd2 Bh6 23. Bf2 d4 24. f4 axb3 25. axb3 Ne4 26. Nxe4 Bxe4 27. Bc4+ Kh8 28.
exd4 Bxf4 29. Qe2 Bd5 30. dxe5 Qe6 31. Rce1 Rac8 32. Bh4 Bxc4 33. bxc4 Rd4 34.
Bf6+ Kg8 35. Qb2 Rdxc4 36. Qxb7 R4c7 37. Qe4 Rc4 38. Qb7 R4c7 39. Qf3 Bh6 40.
Rd1 Bf8 41. Kh1 Rc3 42. Rd3 Rxd3 43. Qxd3 Qc4 44. Qf3 Qe6 45. Rb1 Bh6 46. Qd3
Ra8 47. Qd4 Qc6 48. Rd1 Qe6 49. Qe4 Rb8 50. Rd6 Qb3 51. Kh2 Qf7 52. Qg4 Re8 53.
Qd4 Qb3 54. Rd7 Qe6 55. Qa7 Rc8 56. Rg7+ Kf8 57. Qa3+ 1-0

[Event "FIDE World Cup"]
[Site "Khanty-Mansiysk"]
[Date "2011.08.30"]
[Round "1.3"]
[White "Kamsky, Gata"]
[Black "Di Berardino, Diego Rafael"]
[Result "1/2-1/2"]
[WhiteElo "2741"]
[BlackElo "2480"]
[PlyCount "130"]
[EventDate "2011.08.28"]
[EventType "k.o."]
[EventRounds "7"]
[EventCountry "RUS"]
[SourceTitle "CBM 145"]
[Source "ChessBase"]
[SourceDate "2011.11.11"]
[SourceVersion "1"]
[SourceVersionDate "2011.11.11"]
[SourceQuality "1"]

1. e4 c5 2. Nf3 d6 3. d4 cxd4 4. Nxd4 Nf6 5. Nc3 a6 6. Be3 Nc6 7. Be2 e6 8. O-O
Be7 9. f4 O-O 10. Qe1 Nxd4 11. Bxd4 b5 12. a3 Bb7 13. Qg3 Qb8 14. Rae1 Bc6 15.
b4 Qb7 16. Bd3 Rad8 17. Nd1 g6 18. Nf2 Nh5 19. Qe3 f6 20. Bb2 e5 21. Nh3 Kh8
22. c4 Bd7 23. fxe5 dxe5 24. c5 Bxh3 25. Qxh3 Nf4 26. Rxf4 exf4 27. e5 Qd7 28.
Qxd7 Rxd7 29. Be4 Kg7 30. c6 Rc7 31. Bd4 Rfc8 32. Rc1 fxe5 33. Bxe5+ Bf6 34.
Bxc7 Rxc7 35. Rd1 Re7 36. Bf3 Be5 37. Rd8 Bb2 38. Rd7 Rxd7 39. cxd7 Bd4+ 40.
Kf1 Bb6 41. Bb7 a5 42. bxa5 Bxa5 43. Bc6 b4 44. axb4 Bd8 45. Ke2 Kf6 46. Kd3
Ke5 47. Kc4 Kd6 48. Ba4 g5 49. Kd4 g4 50. Ke4 f3 51. gxf3 gxf3 52. Kxf3 h5 53.
Ke4 Kc7 54. Kd5 Be7 55. Kc4 h4 56. h3 Bg5 57. Bb5 Be7 58. Kb3 Bg5 59. Ka4 Bf6
60. Ka5 Bg5 61. Ba4 Be7 62. b5 Kxd7 63. Ka6 Bd6 64. b6+ Ke7 65. Kb7 Kf6 1/2-1/2